Ophiothrix synoecina (Echinodermata: Ophiuroidea: Ophiotrichidae) (Registro nro. 16396)

Detalles MARC
000 -CABECERA
Campo de control 006350000a22001810004500
090 ## - CLASIFICACIÓN LOCAL
Colección SERIADAS
044 ## - PAÍS DE PUBLICACIÓN
País de publicación
041 0# - IDIOMA
Código de idioma para texto/pista de sonido o título separado
100 1# - ASIENTO PRINCIPAL--NOMBRE PERSONAL
Nombre personal Monroy López, Mario
245 10 - MENCION DE TITULO
Título Ophiothrix synoecina (Echinodermata: Ophiuroidea: Ophiotrichidae)
Version especie endémica y vulnerable del Caribe colombiano
651 #4 - ASIENTO SECUNDARIO DE MATERIA - NOMBRE GEOGRAFICO
-- Colombia
-- Caribe
700 1# - ASIENTO SECUNDARIO - NOMBRE PERSONAL
Nombre personal Solano, Oscar D.
773 1# - Item fuente:
Título Boletín de Investigaciones Marinas y Costeras
Descripción física 1
Paginas del Articulo 191-196
Lugar, editorial y fecha de publicación 2008
Información sobre la relación 37
942 ## - ELEMENTOS ADICIONALES (KOHA)
Tipo de ítem Artículo

No hay ítems disponibles.